Przetłumacz imię na polski #1 - Statystyki

Ogólne statystyki
  • Ten quiz został rozwiązany 3 289 razy
  • Średni wynik to 24 z 25
Statystyki odpowiedzi
Po angielsku Po polsku % Poprawnych
Amelie Amelia
99%
Eric Eryk
99%
Jacob Jakub
99%
Victoria Wiktoria
99%
Alexandra Aleksandra
98%
Arthur Artur
98%
David Dawid
98%
Eve Ewa
98%
Philip Filip
98%
Martha Marta
98%
Matthew Mateusz
98%
Michael Michał
98%
Nathalie Natalia
98%
Patrick Patryk
98%
Adrien Adrian
97%
Anthony Antoni
97%
Elizabeth Eliza
97%
Mark Marek
97%
Thomas Tomasz
97%
Isabella Izabela
96%
Julie Julia
96%
Andrew Andrzej
95%
Lucas Łukasz
93%
Sophie Zofia
81%
Hedwig Jadwiga
37%
Nie znaleziono quizów pasujących do podanych kryteriów
Rozkład punktacji
Procent ludzi z każdym wynikiem
Percentyl według liczby udzielonych odpowiedzi
Twoja historia wyników
Nie rozwiązałeś tego quizu